000 004650000a22001810004500
003 MACL
005 20151011152421.0
008 151011b xxu||||| |||| 00| 0 eng d
040 _aMACL
_cMACL
041 _aEnglish
082 _a920/CHO
100 _aChopra PN
_9715
245 _aThe Collected Works of Sardar Vallabh Bhai Patel
_bVolume IV
260 _bKonark Publications
_c1994
_aDelhi
350 _a200
650 _aBiography
_914379
942 _cBK
_k920
_2ddc
999 _c3773
_d3773